00994nam a2200289 a 4500001001000000003000900010005001700019007001000036008004100046020001600087020000600103040003000109082002600139100003800165245011100203260001200314264003500326300004500361336002800406337003500434338003000469500005000499650003400549650003800583700003900621700004400660000036038DO-SdBPM20251117083527.0000036038111124s1995 xx a 001 0 spa d a 0590931555 a  aDO-SdBPMbspacBPMSUerda 4a372.4bS235m 19952221 aSantirso, Liliana eautora 4aut.00aMe gusta jugar con los libros / c Liliana Santirso : ilustraciones Patricio Gómez, Raúl Villagómez  a b c  aNew Yorrk :bScholastic c1995 a22 páginas :bilustraciones ;c30 cm. atextobtxt2rdacontent  asin mediación bn2rdamedia  avolumen bnc2rdacarrier  aBasadas en los dibujos de Leonid Nepomniachi  7aLibros y lectura para niños 7aLibros ilustrados para niñosx 1 aGómez, Patricio e ilustraciones1 aVillagómez, Raúl e ilustraciones